000 00310nam a22001337a 4500
003 SGT
082 _a615.532
_bA15S
100 _aSOUTER, KEITH
245 _aTHE ART OF HOMOEOPATHY REMEDY SELECTION MADE EASY
260 _aINDIA
_bB.JAIN PUB
_c2015
300 _a154
650 _aHOMOEOPATHIC
942 _2ddc
_cBK
999 _c20440
_d20440